Quelle ville des Bouches-du-Rhône ? - Statistiques

Statistiques générales
  • Ce quiz a été pris 68 fois
    47 depuis la dernière actualisation
  • Le résultat moyen est 14 sur 20
Statistiques - réponses
Quelle commune bucco-rhodanienne... Lettre Ville % Correct
...est célèbre pour son université et ses calissons ? A Aix-en-Provence
100%
...est traversée par la Canebière et surplombée par la Bonne Mère ? M Marseille
100%
..est, après Rome, la ville où l'on trouve le plus de vestiges romains ? A Arles
91%
...abrite le seul aéroport du département, donnant sur cet étang ? M Marignane
91%
...a vu naître Marcel Pagnol "au temps des derniers chevriers" ? A Aubagne
89%
...abrite la plus grande base de l'Armée de l'air française ? I Istres
87%
...est entrée dans l’histoire du cinéma avec L’Arrivée d’un train dans sa gare ? (L) C La Ciotat
82%
...donne son nom à un étang étant la plus grande lagune de France ? B Berre-l'Etang
78%
...a pour littoral la calanque de Port-Miou ? C Cassis
78%
...accueille un pèlerinage gitan chaque 24 mai, au cœur de la Camargue ? S Saintes-Maries-de-la-Mer
78%
...abrite le plus grand port de marchandises français, avec la précédente ? F Fos-sur-Mer
73%
...est surnommée la "Venise provençale" en raison de ses ponts et canaux ? M Martigues
69%
...abrite la maison de Nostradamus et l'Ecole de l'air et de l'espace ? S Salon-de-Provence
67%
...donne son titre à un antihéros de Daudet prénommé Tartarin ? T Tarascon
64%
...est un plus beau village de France, peuplé de 264 Baussencs ? (L) B Les Baux-de-Provence
51%
...est dominée par une tour sarrasine au sommet d'un rocher de granit rose ? V Vitrolles
47%
...fut créée en 1904 pour pourvoir Lyon d'un port en embouchure du Rhône ? P Port-Saint-Louis-du-Rhône
42%
...fut peinte des dizaines de fois par Cézanne qui y résida en 1885-1886 ? G Gardanne
38%
...eut Vincent van Gogh pour résident en 1889-1890 ? S Saint-Rémy-de-Provence
33%
...a vu Marina Kaye naître et l'oncle Jules chasser la bartavelle ? A Allauch
20%
Aucun quiz correspondant
Distribution des résultats
% des personnes avec chaque résultat
Percentile par nombre de réponses
Votre historique - résultats
Vous n’avez pas pris ce quiz depuis la dernière actualisation